Easy true stories: a picture-based beginning reader

Saved in:
Bibliografiske detaljer
Hovedforfatter: Heyer, Sandra (Author)
Format: Bog
Sprog:engelsk
Udgivet: Nueva York Longman 1994
Fag:
Tags: Tilføj Tag
Ingen Tags, Vær først til at tagge denne postø!

MARC

LEADER 00000nam a2200000 a 4500
001 UCO9527
003 CL-VaPUC
008 010302e19940000US |||||||||||||||||eng|d
082 0 4 |a 420.7  |b HEY  |2 21 
100 0 |a Heyer, Sandra  |e author  |9 454777 
245 1 0 |a Easy true stories: a picture-based beginning reader 
300 |a 91 p 
942 |c BK 
945 |d 20010302 00:00:00  |a cmena 
260 |a Nueva York  |b Longman  |c 1994 
650 0 |a Enseñanza del inglés  |9 367340 
650 0 |a Inglés  |9 260023 
650 0 |a Métodos de enseñanza  |9 270413 
650 0 |a Lectura  |9 307634 
650 0 |a Enseñanza de la lectura  |9 308364 
583 |a last modification  |c 20010302 00:00:00  |k Rodrigo Vera 
999 |c 293729  |d 293727 
952 |0 0  |1 0  |4 0  |6 420_700000000000000_HEY_1994  |7 0  |8 A  |9 345434  |a BIBEDU  |b BIBEDU  |d 2019-11-20  |i 3672239  |o 420.7 HEY 1994  |p 3672239  |r 2019-11-20  |w 2019-11-20  |y BK  |k LIT